00443nam a2200121Ia 4500008004100000100002200041245008300063245005600146260004900202260000900251650001300260856004800273170221s9999 xx 000 0 und d aMichael G. Brizek aExplaining corporate entrepreneurship: a contemporary literature investigation cMichael G. Brizek, South Carolina State University. bJournal of Management and Marketing Research c2014 xBusiness uhttp://www.aabri.com/manuscripts/131617.pdf